000 00512nam a2200157Ia 4500
008 090124s9999 xx 000 0 und d
082 _b29796
_a1890
245 _a प्रकाशन मार्गदर्शिका 98 -99
250 _a1
260 _c1998
300 _a225
630 _a प्रकाशन मार्गदर्शिका 98 -99
700 _aठाकूर नीमा
730 _a प्रकाशन मार्गदर्शिका 98 -99
942 _cBOOK
999 _c143278
_d143278